Appraising vocational fitness: (Record no. 272077)
[ view plain ]
| 000 -LEADER | |
|---|---|
| fixed length control field | 00588nam a2200205Ia 4500 |
| 003 - CONTROL NUMBER IDENTIFIER | |
| control field | OSt |
| 005 - DATE AND TIME OF LATEST TRANSACTION | |
| control field | 20251120115140.0 |
| 008 - FIXED-LENGTH DATA ELEMENTS--GENERAL INFORMATION | |
| fixed length control field | 220917b |||||||| |||| 00| 0 eng d |
| 037 ## - SOURCE OF ACQUISITION | |
| Terms of availability | TB |
| 040 ## - CATALOGING SOURCE | |
| Original cataloging agency | ARTS |
| Transcribing agency | ARTS |
| Language of cataloging | eng |
| 041 ## - LANGUAGE CODE | |
| Source of code | eng |
| Language code of text/sound track or separate title | eng |
| 084 ## - COLON CLASSIFICATION NUMBER | |
| Classification number | T9(Y4) H9;K2 |
| Assigning agency | AL |
| 100 ## - MAIN ENTRY--PERSONAL NAME | |
| Personal name | Super, Doanld E |
| 9 (RLIN) | 140122 |
| 245 #0 - TITLE STATEMENT | |
| Title | Appraising vocational fitness: |
| Remainder of title | by means of psychological tests |
| 260 ## - PUBLICATION, DISTRIBUTION, ETC. | |
| Date of publication, distribution, etc. | 1962 |
| 650 ## - SUBJECT ADDED ENTRY--TOPICAL TERM | |
| Topical term or geographic name entry element | EDUCATION |
| 9 (RLIN) | 852553 |
| 700 ## - ADDED ENTRY--PERSONAL NAME | |
| Personal name | Crites, John O |
| 9 (RLIN) | 852554 |
| 942 ## - ADDED ENTRY ELEMENTS (KOHA) | |
| Classification part | T:87 H9;K2-;15 |
| Koha item type | Textbook |
| Source of classification or shelving scheme | Colon Classification (CC) |
| Suppress in OPAC | No |
| Withdrawn status | Lost status | Source of classification or shelving scheme | Damaged status | Not for loan | Home library | Current library | Date acquired | Total Checkouts | Full call number | Barcode | Date last seen | Price effective from | Koha item type |
|---|---|---|---|---|---|---|---|---|---|---|---|---|---|
| Colon Classification (CC) | Arts Library | Arts Library | 2022-09-18 | T:87 H9;K2-;15 | AL0269848 | 2022-09-18 | 2022-09-18 | Textbook |
